000 00715cab a2200241 4500
001 X622
008 090401t1993 xxu||||| |||| 00| 0 eng d
035 _a(Sirsi) u97850
041 _aeng
100 _aEnsom, T.
245 _aProper paperwork can make all the difference
260 _c1993
350 _a0
490 _aCS Monthly
_bthe Building Surveyor
_v2(7) April 1993, 11(1)
650 _aMANAGEMENT-DISPUTE AVOIDANCE, MANAGEMENT AND RESOLUTION-DISPUTE MANAGEMENT AND RESOLUTION-ARBITRATION
650 _aCONTRACT ADMINISTRATION
650 _aDOCUMENTATION
650 _aLETTERS
650 _aRECORDS
690 _aBUILT ENVIRONMENT-BUILDING CONTRACT FORMS
942 _n0
948 _c04/03/1997
999 _c59726
_d59726